[Event "5. Kaltern-Trophy 2022 Open A"]
[Site "?"]
[Date "2022.10.23"]
[Round "5.9"]
[White "Bodrov, Timofey"]
[Black "Bernardi, Ruben"]
[Result "1-0"]
[WhiteElo "2050"]
[BlackElo "2102"]
[PlyCount "65"]
[EventDate "2022.??.??"]

1. d4 e6 2. c4 Nf6 3. Nc3 Bb4 4. Nf3 Ne4 5. Qc2 d5 6. e3 h6 7. Bd3 Nxc3 8. bxc3 Be7 9. O-O O-O 10. a4 c5 11. Rd1 cxd4 12. exd4 dxc4 13. Bxc4 Nd7 14. Bf4 Qa5 15. Rdb1 a6 16. Bd3 Nf6 17. Ne5 Qd8 18. Qd2 Re8 19. Re1 Bf8 20. Re3 Re7 21. Rh3 Rc7 22. Re1 Nd5 23. Bxh6 gxh6 24. Rg3+ Kh8 25. Re4 Nf6 26. Rh4 Ng8 27. Qf4 f5 28. Ng6+ Kg7 29. Ne7+ Kf7 30. Nxg8 Bd6 31. Nxh6+ Ke8 32. Rg8+ Bf8 33. Nxf5 1-0

[Event "5. Kaltern-Trophy 2022 Open A"]
[Site "Kaltern"]
[Date "2022.10.23"]
[Round "5.10"]
[White "Luebke, Florentin"]
[Black "Nicolodi, Raoul"]
[Result "1-0"]
[WhiteElo "1910"]
[BlackElo "2021"]
[PlyCount "49"]
[EventDate "2022.10.21"]

1. e4 e6 2. d4 d5 3. Nd2 Nf6 4. e5 Nfd7 5. Bd3 c5 6. c3 Nc6 7. Ne2 cxd4 8. cxd4 f6 9. exf6 Nxf6 10. O-O Bd6 11. Nf3 O-O 12. Bf4 Qc7 13. Bxd6 Qxd6 14. Re1 Bd7 15. Rc1 Nh5 16. Qc2 g6 17. Bxg6 Nf6 18. Bd3 Nb4 19. Qb1 Be8 20. Ne5 Nxd3 21. Qxd3 Ne4 22. f3 Ng5 23. Nc3 a6 24. f4 Nf7 25. Ng6 1-0

[Event "5. Kaltern-Trophy 2022 Open A"]
[Site "Kaltern"]
[Date "2022.10.23"]
[Round "5.11"]
[White "Scharrer, Udo"]
[Black "Kaserer, Hans-Peter"]
[Result "1/2-1/2"]
[WhiteElo "1942"]
[BlackElo "1897"]
[PlyCount "37"]
[EventDate "2022.10.21"]

1. d4 d5 2. c4 e6 3. Nc3 Nf6 4. cxd5 exd5 5. Bg5 Be7 6. e3 O-O 7. Bd3 Nbd7 8. h3 b6 9. Nf3 Bb7 10. O-O Ne4 11. Bxe7 Qxe7 12. Rc1 Ndf6 13. Qe2 a5 14. Rfd1 Rfc8 15. Na4 Qe8 16. b3 Bc6 17. Nb2 Bb7 18. Na4 Bc6 19. Nb2 1/2-1/2

[Event "5. Kaltern-Trophy 2022 Open A"]
[Site "Kaltern"]
[Date "2022.10.23"]
[Round "5.12"]
[White "Linder, Oliver"]
[Black "Vincenzi, Marco"]
[Result "0-1"]
[WhiteElo "1870"]
[BlackElo "2001"]
[PlyCount "132"]
[EventDate "2022.10.21"]

1. d4 Nf6 2. Nc3 d5 3. Bf4 c6 4. e3 Bf5 5. f3 h6 6. g4 Bg6 7. h4 e6 8. Bd3 Bxd3 9. Qxd3 c5 10. dxc5 Bxc5 11. O-O-O Nc6 12. Bg3 Bd6 13. Bxd6 Qxd6 14. Nge2 O-O-O 15. Nd4 Kb8 16. Nxc6+ Qxc6 17. Qb5 Rc8 18. Qxc6 Rxc6 19. Ne2 Rhc8 20. c3 Ne8 21. g5 Nd6 22. Nd4 Rb6 23. Rh2 Nc4 24. Re1 Rh8 25. b3 Nd6 26. Reh1 e5 27. Nc2 Rc6 28. Kb2 Rhc8 29. Nb4 Rxc3 30. Nxd5 Rd3 31. Nb4 Rxe3 32. gxh6 gxh6 33. Rd1 Nf5 34. Rd7 Rxf3 35. Rxf7 e4 36. Rd2 a5 37. Nc2 Nd4 38. Rxf3 Nxf3 39. Re2 Re8 40. Ne3 Nxh4 41. Rh2 Nf3 42. Rxh6 Ka7 43. Rf6 Nd4 44. Rd6 Nc6 45. a3 Kb6 46. Rd5 Rh8 47. Nc4+ Ka6 48. Rd6 Rh2+ 49. Kc3 Rh3+ 50. Kb2 Ka7 51. Re6 Rxb3+ 52. Kxb3 Nd4+ 53. Kc3 Nxe6 54. Nxa5 Kb6 55. Nc4+ Kc5 56. Ne3 Nf4 57. Nf5 Nd5+ 58. Kd2 b6 59. Ke2 Kc4 60. Nd6+ Kd4 61. Kd2 e3+ 62. Ke1 Kd3 63. Nf7 Kc3 64. Ke2 Kd4 65. Nd6 Nf4+ 66. Ke1 Kd3 0-1

[Event "5. Kaltern-Trophy 2022 Open A"]
[Site "Kaltern"]
[Date "2022.10.23"]
[Round "5.13"]
[White "Vincenti, Leonardo"]
[Black "Buglisi, Massimo"]
[Result "1-0"]
[WhiteElo "1763"]
[BlackElo "1943"]
[PlyCount "45"]
[EventDate "2022.10.21"]

1. e4 c5 2. Nf3 Nc6 3. Bb5 d6 4. O-O Bd7 5. c3 Nf6 6. Re1 g6 7. d4 cxd4 8. cxd4 Bg7 9. Nc3 O-O 10. h3 a6 11. Bf1 e5 12. Be3 Rc8 13. Qd2 b5 14. a3 Re8 15. Bd3 Na5 16. Rad1 Nc4 17. Bxc4 bxc4 18. dxe5 dxe5 19. Bg5 Bc6 20. Qxd8 Rcxd8 21. Rxd8 Rxd8 22. Nxe5 Bb5 23. Ng4 1-0

[Event "5. Kaltern-Trophy 2022 Open A"]
[Site "Kaltern"]
[Date "2022.10.23"]
[Round "5.14"]
[White "Kezic, Andreas"]
[Black "Capraro, Fabio"]
[Result "1/2-1/2"]
[WhiteElo "1922"]
[BlackElo "1908"]
[PlyCount "73"]
[EventDate "2022.10.21"]

1. e4 c5 2. Nf3 a6 3. d4 cxd4 4. Nxd4 e5 5. Nf3 Nf6 6. Bd3 d5 7. Qe2 dxe4 8. Bxe4 Nxe4 9. Qxe4 Nc6 10. O-O Be7 11. Nxe5 Nxe5 12. Qxe5 O-O 13. c3 Bf6 14. Qe2 Re8 15. Be3 Bf5 16. Rd1 Qc7 17. Na3 Be5 18. h3 Re6 19. Nc4 Bh2+ 20. Kh1 Rae8 21. Rd4 b5 22. Na3 Rh6 23. Qf3 Rf6 24. Bg5 Rfe6 25. g3 Bxg3 26. Qxg3 Qc6+ 27. Kh2 h6 28. Qf4 Rg6 29. Rg1 Bc8 30. Nc2 Rxg5 31. Rxg5 hxg5 32. Qxg5 Qe6 33. Qg3 Bb7 34. Ne3 Qc6 35. Ng2 Re6 36. Qb8+ Re8 37. Qg3 1/2-1/2

[Event "5. Kaltern-Trophy 2022 Open A"]
[Site "Kaltern"]
[Date "2022.10.23"]
[Round "5.15"]
[White "Grundhammer, Gerhard"]
[Black "Bisaro, Andrea"]
[Result "0-1"]
[WhiteElo "1811"]
[BlackElo "1819"]
[PlyCount "54"]
[EventDate "2022.10.21"]

1. d4 e6 2. Bf4 d5 3. e3 Nf6 4. Nd2 Bd6 5. Ngf3 Bxf4 6. exf4 Nc6 7. c3 O-O 8. Bd3 Ne7 9. O-O Qd6 10. Ne5 c5 11. Ndf3 h6 12. Re1 b6 13. g4 Ne4 14. g5 f6 15. gxf6 gxf6 16. Nh4 Bb7 17. Qg4+ Kh7 18. Qh5 Rg8+ 19. Kf1 fxe5 20. dxe5 Qd7 21. f3 Raf8 22. fxe4 Rxf4+ 23. Ke2 dxe4 24. Bc2 Rg5 25. Rf1 Rxh5 26. Rxf4 Nf5 27. Raf1 Rxh4 0-1

[Event "5. Kaltern-Trophy 2022 Open A"]
[Site "Kaltern"]
[Date "2022.10.23"]
[Round "5.16"]
[White "Pigato, Alex"]
[Black "Zuev, Mikhail"]
[Result "1-0"]
[WhiteElo "1762"]
[BlackElo "1940"]
[PlyCount "51"]
[EventDate "2022.10.21"]

1. e4 Nc6 2. d4 d6 3. Nc3 Nf6 4. Bb5 Bd7 5. Nf3 e5 6. d5 Ne7 7. Bxd7+ Nxd7 8. Be3 g6 9. Qe2 Bg7 10. O-O-O O-O 11. h4 h6 12. g4 a6 13. Qd2 h5 14. gxh5 gxh5 15. Rdg1 Ng6 16. Ng5 Qe7 17. Ne2 Rfc8 18. Ng3 Nf6 19. Nf5 Qd7 20. f3 c6 21. Nxf7 Kxf7 22. Qg2 Ne8 23. Qxg6+ Kf8 24. Bh6 Rc7 25. Qh7 Bxh6+ 26. Qxh6+ 1-0

[Event "5. Kaltern-Trophy 2022 Open A"]
[Site "Kaltern"]
[Date "2022.10.23"]
[Round "5.17"]
[White "Tellarini, Lorenzo"]
[Black "Heyne, Regina"]
[Result "1-0"]
[WhiteElo "1750"]
[BlackElo "1792"]
[PlyCount "57"]
[EventDate "2022.10.21"]

1. e4 e6 2. d4 d5 3. Nc3 dxe4 4. Nxe4 Be7 5. Nf3 Nd7 6. Be3 Ngf6 7. Nxf6+ Nxf6 8. Bd3 O-O 9. c3 b6 10. Qc2 Bb7 11. O-O-O Qc8 12. h4 h6 13. Rh3 Ng4 14. Ne5 Nxe3 15. fxe3 c5 16. g4 f6 17. Bh7+ Kh8 18. Ng6+ Kxh7 19. Nxe7+ f5 20. Nxc8 Raxc8 21. gxf5 exf5 22. Rg1 Be4 23. Qf2 cxd4 24. Qg3 Rf7 25. Qg6+ Kg8 26. Qe6 Rc6 27. Qe8+ Rf8 28. Qe5 Rff6 29. Rhg3 1-0

[Event "5. Kaltern-Trophy 2022 Open A"]
[Site "Kaltern"]
[Date "2022.10.23"]
[Round "5.18"]
[White "Vincenti, Francesco"]
[Black "De Nisi, Roberta"]
[Result "0-1"]
[WhiteElo "1336"]
[BlackElo "1842"]
[PlyCount "41"]
[EventDate "2022.10.21"]

1. e4 e6 2. d4 d5 3. exd5 exd5 4. g3 Bd6 5. Bg2 c6 6. c3 Nf6 7. Bg5 O-O 8. Nf3 Re8+ 9. Be3 Ng4 10. Qd2 Qe7 11. O-O Nxe3 12. Re1 Be6 13. fxe3 Bf5 14. Qf2 Be4 15. Nbd2 f5 16. b4 Nd7 17. a4 Nf6 18. Nh4 g6 19. Nxe4 Nxe4 20. Bxe4 Qxe4 21. Ng2 0-1

[Event "5. Kaltern-Trophy 2022 Open B"]
[Site "Kaltern"]
[Date "2022.10.21"]
[Round "1"]
[Board "1"]
[White "Wurzer, Gerhard"]
[Black "Gasparro, Antonio"]
[Result "1/2-1/2"]
[WhiteElo "1898"]
[BlackElo "1569"]
[PlyCount "73"]
[EventDate "2022.10.21"]
[EventRounds "5"]
[EventCountry "ITA"]

1. c3 d5 2. Qc2 e5 3. d3 Nf6 4. e4 Nc6 5. Be2 Be7 6. Nf3 O-O 7. Nbd2 Re8 8. Nf1 dxe4
9. dxe4 Bc5 10. Ng3 a6 11. O-O b5 12. Bg5 h6 13. Rad1 Qe7 14. Bc1 Bb6 15. Nh4 Bd7
16. Nhf5 Bxf5 17. Nxf5 Qe6 18. b3 Ne7 19. g4 Nxf5 20. gxf5 Qc6 21. Bf3 Rad8 22. Ba3
Rd7 23. Rxd7 Nxd7 24. Rd1 Nc5 25. Rd5 Nb7 26. Qd2 Bc5 27. Bxc5 Nxc5 28. Qe3 Nd7 29.
Kg2 Nf6 30. Rc5 Qd6 31. c4 c6 32. cxb5 cxb5 33. Qc3 Qd4 34. Qxd4 exd4 35. e5 Nd7
36. Rd5 Nxe5 37. Rxd4  1/2-1/2

[Event "5. Kaltern-Trophy 2022 Open B"]
[Site "Kaltern"]
[Date "2022.10.21"]
[Round "1"]
[Board "2"]
[White "Casadio, Lorenzo"]
[Black "Huchler, Stefan"]
[Result "1/2-1/2"]
[WhiteElo "1795"]
[BlackElo "1539"]
[PlyCount "96"]
[EventDate "2022.10.21"]
[EventRounds "5"]
[EventCountry "ITA"]

1. d4 Nf6 2. c4 g6 3. Nc3 d5 4. Nf3 Bg7 5. cxd5 Nxd5 6. e4 Nxc3 7. bxc3 c5 8. Be3
Qa5 9. Qd2 Nc6 10. Rc1 cxd4 11. Nxd4 Bd7 12. Nb3 Qc7 13. Nc5 Rd8 14. Nxd7 Rxd7 15.
Qc2 O-O 16. Be2 b6 17. O-O Rfd8 18. Bb5 Rd6 19. f4 e6 20. Qf2 Ne7 21. e5 Rd5 22.
c4 Rd3 23. c5 Ra3 24. cxb6 Qb7 25. Rc7 Qb8 26. Rxe7 axb6 27. Bc4 Bf8 28. Bxb6 Bxe7
29. Bxd8 Bxd8 30. Qe2 Qa7+ 31. Kh1 Ba5 32. Bb3 Bb6 33. Qb5 Ra5 34. Qe8+ Kg7 35. Rd1
Qa6 36. h3 Bf2 37. Qd8 Rc5 38. Qf6+ Kh6 39. Qg5+ Kg7 40. Kh2 Qe2 41. Qf6+ Kh6 42.
Qg5+ Kg7 43. Qf6+ Kh6 44. Rd7 Qf1 45. Qg5+ Kg7 46. Qf6+ Kh6 47. Qg5+ Kg7 48. Rxf7+
Kxf7  1/2-1/2

[Event "5. Kaltern-Trophy 2022 Open B"]
[Site "Kaltern"]
[Date "2022.10.21"]
[Round "1"]
[Board "3"]
[White "Cescatti, Riccardo"]
[Black "Kuespert, Erwin"]
[Result "0-1"]
[WhiteElo "1536"]
[BlackElo "1778"]
[PlyCount "146"]
[EventDate "2022.10.21"]
[EventRounds "5"]
[EventCountry "ITA"]

1. e4 d6 2. d4 g6 3. Nc3 Bg7 4. Bg5 c6 5. Be3 b5 6. a3 Nf6 7. d5 a6 8. g3 c5 9. Bg2
Nbd7 10. f4 Bb7 11. Nh3 Qc7 12. O-O Rd8 13. Qf3 O-O 14. e5 Ne8 15. exd6 Nxd6 16.
Rab1 Nc4 17. Bc1 Ndb6 18. b3 Nd6 19. Rd1 b4 20. Na4 Bd4+ 21. Rxd4 cxd4 22. Qd3 Nxa4
23. bxa4 bxa3 24. Bxa3 Bc8 25. Qxd4 Nf5 26. Qd3 Qa7+ 27. Nf2 Rfe8 28. c4 Qe3 29.
Be4 Qxd3 30. Bxd3 e6 31. Bxf5 gxf5 32. d6 Bd7 33. a5 Rb8 34. Rc1 Rb3 35. Bc5 Rc8
36. Bb6 Kf8 37. c5 Ke8 38. Bc7 Bc6 39. g4 Kd7 40. gxf5 Rg8+ 41. Kf1 exf5 42. Rc2
Bb5+ 43. Ke1 Re8+ 44. Kd1 Rb1+ 45. Kd2 Re2+ 46. Kc3 Rxc2+ 47. Kxc2 Ra1 48. Kb2 Rf1
49. Nh3 f6 50. Kc2 Bc6 51. Kd2 Bg2 52. Ng5 fxg5 53. fxg5 f4 54. Ke2 f3+ 55. Ke3 Re1+
56. Kf2 Rf1+ 57. Kg3 Rc1 58. Bb6 Rc4 59. Kf2 Rg4 60. Bc7 Rxg5 61. Bb8 Rxc5 62. Bc7
Bh1 63. Bb6 Rc2+ 64. Kg1 Kxd6 65. h4 Rc4 66. Kxh1 Rxh4+ 67. Kg1 Rb4 68. Be3 Rb2 69.
Bd4 Ra2 70. Bc3 h5 71. Kh1 h4 72. Bf6 h3 73. Bd4 f2  0-1

[Event "5. Kaltern-Trophy 2022 Open B"]
[Site "Kaltern"]
[Date "2022.10.21"]
[Round "1"]
[Board "4"]
[White "Straub, Jochen"]
[Black "Danti, Alessandro"]
[Result "0-1"]
[WhiteElo "1752"]
[BlackElo "1534"]
[PlyCount "96"]
[EventDate "2022.10.21"]
[EventRounds "5"]
[EventCountry "ITA"]

1. f4 e6 2. Nf3 d5 3. b3 Nf6 4. Bb2 c5 5. e3 Nc6 6. Bb5 Bd7 7. O-O Be7 8. Qe1 Nb4
9. Bxd7+ Qxd7 10. Qd1 Rc8 11. Ne5 Qc7 12. d3 Qb6 13. a3 Na6 14. c4 dxc4 15. Nxc4
Qc7 16. Be5 Qd8 17. Nc3 Qd7 18. a4 Nb4 19. Nb5 O-O 20. Bd6 Bxd6 21. Nbxd6 Rcd8 22.
e4 Ne8 23. e5 Nxd6 24. Nxd6 Qc6 25. d4 cxd4 26. Qxd4 Nc2 27. Qxa7 Nxa1 28. Rxa1 Qc3
29. Rf1 Qxb3 30. Qxb7 Qxa4 31. Qe7 Qd4+ 32. Kh1 Ra8 33. h3 Ra1 34. Rxa1 Qxa1+ 35.
Kh2 Qd4 36. Qg5 h6 37. Qg4 Ra8 38. Qh4 Qd2 39. Ne4 Qd8 40. Qxd8+ Rxd8 41. Nd6 Ra8
42. Kg3 Ra3+ 43. Kg4 g6 44. h4 Kg7 45. Ne8+ Kf8 46. Nf6 h5+ 47. Nxh5 gxh5+ 48. Kxh5
Rg3  0-1

[Event "5. Kaltern-Trophy 2022 Open B"]
[Site "Kaltern"]
[Date "2022.10.21"]
[Round "1"]
[Board "5"]
[White "Taufer, Livio"]
[Black "Budai, Leonardo"]
[Result "1/2-1/2"]
[WhiteElo "1534"]
[BlackElo "1748"]
[PlyCount "76"]
[EventDate "2022.10.21"]
[EventRounds "5"]
[EventCountry "ITA"]

1. e4 e5 2. Nf3 Nc6 3. d4 exd4 4. Bc4 Nf6 5. e5 d5 6. Bb5 Ne4 7. Nxd4 Bd7 8. Nxc6
bxc6 9. Bd3 Nc5 10. Be2 Be7 11. O-O O-O 12. b3 f6 13. Bb2 fxe5 14. Bxe5 Bf6 15. Bxf6
Qxf6 16. Nd2 Qg6 17. Nf3 Bh3 18. Ne1 Bf5 19. c4 Ne4 20. Qd4 Qf6 21. Qxf6 Rxf6 22.
Nf3 Nc3 23. Rfe1 Re8 24. Bf1 Rxe1 25. Nxe1 Rd6 26. a4 d4 27. Nd3 Bxd3 28. Bxd3 c5
29. Kf1 Rb6 30. Ra3 a5 31. Ke1 Re6+ 32. Kd2 h6 33. Ra1 Kf7 34. Re1 Rb6 35. Kc2 Re6
36. Kd2 Na2 37. Rxe6 Kxe6 38. f4 g5  1/2-1/2

[Event "5. Kaltern-Trophy 2022 Open B"]
[Site "Kaltern"]
[Date "2022.10.21"]
[Round "1"]
[Board "6"]
[White "Galow, Michael"]
[Black "Galise, Francesco"]
[Result "0-1"]
[WhiteElo "1746"]
[BlackElo "1520"]
[PlyCount "111"]
[EventDate "2022.10.21"]
[EventRounds "5"]
[EventCountry "ITA"]

1. d4 d5 2. Bf4 Nf6 3. e3 a6 4. Nf3 Bg4 5. Nbd2 e6 6. c3 Bd6 7. Qb3 b6 8. Ne5 Bf5
9. h3 O-O 10. g4 Be4 11. Nxe4 Nxe4 12. f3 Qh4+ 13. Kd1 Nf2+ 14. Kd2 Nxh1 15. Be2
Ng3 16. Re1 Nxe2 17. Rxe2 Qe7 18. g5 f6 19. gxf6 Qxf6 20. Rg2 Rf7 21. Ng4 Qh4 22.
Nh6+ Kf8 23. Bxd6+ cxd6 24. Nxf7 Kxf7 25. Qxb6 Qe7 26. Rg4 Qd7 27. e4 dxe4 28. fxe4
Nc6 29. b3 Ne7 30. Qa5 Kg8 31. h4 d5 32. exd5 exd5 33. Rg5 Qd6 34. Re5 Re8 35. Qa4
Kf7 36. h5 Rd8 37. b4 Rc8 38. Qc2 g6 39. hxg6+ hxg6 40. Qd3 Qf6 41. Qe3 Rc6 42. a4
Re6 43. Kd3 Rxe5 44. dxe5 Qe6 45. b5 axb5 46. axb5 Nc8 47. Kd4 Qb6+ 48. Kd3 Qxe3+
49. Kxe3 Ke6 50. Kf4 Nb6 51. Kg5 Kxe5 52. Kxg6 Kd6 53. Kf6 Kc5 54. Ke5 Kc4 55. Kd6
Kxb5 56. Ke5  0-1

[Event "5. Kaltern-Trophy 2022 Open B"]
[Site "Kaltern"]
[Date "2022.10.21"]
[Round "1"]
[Board "7"]
[White "Saroldi, Giacomo"]
[Black "Ciani, Davide"]
[Result "0-1"]
[WhiteElo "1500"]
[BlackElo "1730"]
[PlyCount "142"]
[EventDate "2022.10.21"]
[EventRounds "5"]
[EventCountry "ITA"]

1. e4 e5 2. Nc3 Nc6 3. f4 exf4 4. Nf3 d6 5. d4 g5 6. Bb5 Bd7 7. h4 Bh6 8. hxg5 Bxg5
9. Qe2 a6 10. Bc4 Bg4 11. Qf2 Bxf3 12. gxf3 Nge7 13. Ne2 Ng6 14. Qh2 Qf6 15. c3 O-O-O
16. Bd2 Nce5 17. dxe5 Nxe5 18. Qh3+ Kb8 19. Bd5 c6 20. Bb3 Nd3+ 21. Kf1 d5 22. Qf5
Qxf5 23. exf5 Rde8 24. Rb1 Kc8 25. Bc2 Ne5 26. Bxf4 Bxf4 27. Nxf4 Nxf3 28. Kf2 Ne5
29. Rhg1 h5 30. Rbe1 Ng4+ 31. Kg3 Reg8 32. Kh4 Rf8 33. Bd1 Nh6 34. Rg5 f6 35. Rxh5
Nxf5+ 36. Kg4 Rxh5 37. Nxh5 Nd6 38. Kf4 Kd7 39. Ng3 Rh8 40. Rh1 Rxh1 41. Nxh1 Nc4
42. b3 Na3 43. Ke3 Kd6 44. Be2 c5 45. Nf2 b5 46. Ng4 f5 47. Nf2 a5 48. Kd2 b4 49.
cxb4 axb4 50. Nd1 c4 51. Kc1 Kc5 52. Kb2 Nb5 53. bxc4 dxc4 54. Ne3 Nd4 55. Bf1 c3+
56. Kc1 f4 57. Nc2 Nf3 58. Na1 Nd2 59. Nb3+ Nxb3+ 60. axb3 Kd4 61. Kd1 Ke3 62. Bb5
f3 63. Bf1 Kf2 64. Bh3 Kg1 65. Ke1 Kh2 66. Bf5 Kg2 67. Be4 Kg3 68. Kf1 Kf4 69. Bc2
Ke3 70. Ke1 f2+ 71. Kf1 Kd2  0-1

[Event "5. Kaltern-Trophy 2022 Open B"]
[Site "Kaltern"]
[Date "2022.10.21"]
[Round "1"]
[Board "8"]
[White "Lehner-Dittenberger, Sebastian"]
[Black "Giusti, Francesco"]
[Result "1-0"]
[WhiteElo "1720"]
[BlackElo "1499"]
[PlyCount "95"]
[EventDate "2022.10.21"]
[EventRounds "5"]
[EventCountry "ITA"]

1. e4 e5 2. Nf3 d6 3. Nc3 Bg4 4. Be2 g6 5. d3 Nc6 6. Bg5 Be7 7. Bxe7 Ngxe7 8. Qd2
h6 9. O-O-O a6 10. h3 Be6 11. d4 exd4 12. Nxd4 Qd7 13. f4 O-O-O 14. g4 f5 15. exf5
gxf5 16. gxf5 Nxf5 17. Nxe6 Qxe6 18. Rde1 Qf7 19. Qd5 Qxd5 20. Nxd5 Kb8 21. Bg4 Rdf8
22. c3 h5 23. Bd1 Rf7 24. Bc2 Nce7 25. Nxe7 Nxe7 26. Rhg1 Nc6 27. f5 Ne5 28. Ref1
Rf6 29. Rg7 d5 30. Re1 Re8 31. Kd1 Kc8 32. Rh7 Kd8 33. Rxh5 Nc4 34. Rxe8+ Kxe8 35.
b3 Ne3+ 36. Kd2 Nxc2 37. Kxc2 b5 38. Kd3 Ke7 39. b4 Rc6 40. Rh7+ Kf8 41. Rd7 Rh6
42. Rxc7 Rxh3+ 43. Kd4 Rf3 44. Ke5 Rf2 45. a3 Ra2 46. f6 Re2+ 47. Kxd5 Re8 48. Rc5
 1-0

[Event "5. Kaltern-Trophy 2022 Open B"]
[Site "Kaltern"]
[Date "2022.10.21"]
[Round "1"]
[Board "9"]
[White "Unterweger, Jonas"]
[Black "Posch, Thomas"]
[Result "0-1"]
[WhiteElo "1565"]
[BlackElo "1850"]
[PlyCount "34"]
[EventDate "2022.10.21"]
[EventRounds "5"]
[EventCountry "ITA"]

1. d4 g6 2. c4 Bg7 3. Nc3 d6 4. e4 Nc6 5. Be3 e5 6. d5 Nce7 7. Be2 f5 8. f3 Nf6 9.
Bd3 Bd7 10. Nge2 c6 11. O-O f4 12. Nxf4 exf4 13. Bxf4 Qb6+ 14. Rf2 cxd5 15. exd5
O-O 16. Kf1 Nfxd5 17. Nxd5 Nxd5  0-1

[Event "5. Kaltern-Trophy 2022 Open B"]
[Site "Kaltern"]
[Date "2022.10.21"]
[Round "1"]
[Board "10"]
[White "Anrather, Eva"]
[Black "Wenski, Wolfgang"]
[Result "0-1"]
[WhiteElo "1498"]
[BlackElo "1720"]
[PlyCount "62"]
[EventDate "2022.10.21"]
[EventRounds "5"]
[EventCountry "ITA"]

1. e4 c5 2. Nf3 Nc6 3. d4 cxd4 4. Nxd4 Nf6 5. Nc3 a6 6. a3 d6 7. h3 e5 8. Nb3 Be6
9. Bg5 Be7 10. Bd3 h6 11. Be3 d5 12. exd5 Nxd5 13. Nxd5 Bxd5 14. Qg4 Bf6 15. Be4
Bxe4 16. Qxe4 O-O 17. Rd1 Qc7 18. O-O Rad8 19. Qf3 Bg5 20. Bxg5 hxg5 21. Qe3 Rxd1
22. Rxd1 Rd8 23. Rxd8+ Qxd8 24. Nd2 Qe7 25. c3 f6 26. g4 Nd8 27. Ne4 Ne6 28. Ng3
Qd7 29. Kh2 Nf4 30. Qb6 Qd5 31. f3 Qd2+  0-1

[Event "5. Kaltern-Trophy 2022 Open B"]
[Site "Kaltern"]
[Date "2022.10.21"]
[Round "1"]
[Board "11"]
[White "Predan, Luca"]
[Black "Kofler, Albin Ernst"]
[Result "1-0"]
[WhiteElo "1708"]
[BlackElo "1498"]
[PlyCount "127"]
[EventDate "2022.10.21"]
[EventRounds "5"]
[EventCountry "ITA"]

1. c4 c5 2. Nc3 g6 3. g3 Bg7 4. Bg2 e6 5. e3 a6 6. Nge2 Ne7 7. a3 Nbc6 8. O-O Rb8
9. d4 d6 10. dxc5 dxc5 11. Qxd8+ Nxd8 12. b4 cxb4 13. axb4 O-O 14. Rb1 Bd7 15. b5
Rc8 16. bxa6 bxa6 17. Ba3 Re8 18. Ne4 Nf5 19. g4 Nh4 20. Nd6 Nxg2 21. Kxg2 Bf8 22.
Nxe8 Bxe8 23. Bxf8 Kxf8 24. Rfc1 a5 25. Nd4 a4 26. f3 e5 27. Nb5 Ne6 28. Nd6 Rc5
29. Nxe8 Kxe8 30. Rb5 Kd7 31. Rb7+ Rc7 32. Rd1+ Kc6 33. Rb5 Ra7 34. Kf2 f6 35. Ra1
Nc5 36. Ke2 a3 37. Ra2 e4 38. fxe4 Nxe4 39. Rb3 Kc5 40. Raxa3 Rxa3 41. Rxa3 Kxc4
42. Ra7 Kd5 43. Rxh7 Ke6 44. Ra7 g5 45. Ra8 Kf7 46. Kf3 Nd2+ 47. Kg2 Ne4 48. Ra4
Nc5 49. Rc4 Ne6 50. Kg3 Kg6 51. Rc6 Nd8 52. Rb6 Nf7 53. Re6 Kg7 54. h3 Kg6 55. Re7
Ne5 56. Rxe5 fxe5 57. e4 Kf6 58. h4 gxh4+ 59. Kxh4 Kg6 60. g5 Kf7 61. Kh5 Kg7 62.
g6 Kg8 63. Kg5 Kg7 64. Kf5  1-0

[Event "5. Kaltern-Trophy 2022 Open B"]
[Site "Kaltern"]
[Date "2022.10.21"]
[Round "1"]
[Board "12"]
[White "Comisso, Daniele"]
[Black "Aab, Manfred"]
[Result "1-0"]
[WhiteElo "1475"]
[BlackElo "1706"]
[PlyCount "97"]
[EventDate "2022.10.21"]
[EventRounds "5"]
[EventCountry "ITA"]

1. e4 e5 2. Nf3 Nc6 3. d4 exd4 4. Nxd4 Bc5 5. Nb3 Bb6 6. Nc3 d6 7. Bc4 Nf6 8. Bg5
Ne5 9. Be2 c6 10. f4 Ng6 11. Qd2 h6 12. Bxf6 Qxf6 13. g3 Bh3 14. Bf3 O-O-O 15. O-O-O
Ne7 16. Qe2 Rhe8 17. Rhe1 Bc7 18. Bg4+ Bxg4 19. Qxg4+ Kb8 20. h4 g6 21. Rd3 h5 22.
Qf3 Qg7 23. Nd1 c5 24. c4 Nc6 25. Nc3 f5 26. Re2 fxe4 27. Rxe4 Qf7 28. Nd5 Rxe4 29.
Qxe4 Re8 30. Qf3 Re6 31. Kd2 Qe8 32. Re3 Bd8 33. Rxe6 Qxe6 34. Qe3 Qxe3+ 35. Kxe3
b6 36. Ke4 Kc8 37. f5 gxf5+ 38. Kxf5 Ne5 39. Nd2 Kd7 40. Nf4 Ke7 41. Nxh5 Kf7 42.
Nf4 a6 43. h5 b5 44. cxb5 axb5 45. Ne4 Be7 46. h6 Kg8 47. Ke6 Kf8 48. h7 Nf7 49.
Ng6+  1-0

[Event "5. Kaltern-Trophy 2022 Open B"]
[Site "Kaltern"]
[Date "2022.10.21"]
[Round "1"]
[Board "13"]
[White "Riedelsheimer, Julia"]
[Black "Mitterholzer, Helmuth"]
[Result "1-0"]
[WhiteElo "1682"]
[BlackElo "1453"]
[PlyCount "113"]
[EventDate "2022.10.21"]
[EventRounds "5"]
[EventCountry "ITA"]

1. b3 e5 2. Bb2 d6 3. c4 Bf5 4. e3 c5 5. d4 exd4 6. exd4 cxd4 7. Bxd4 Nc6 8. Bc3
Nf6 9. Qf3 Bxb1 10. Rxb1 Be7 11. Rd1 O-O 12. Bd3 Qc7 13. Qf5 Ne5 14. Bb1 Rad8 15.
Nf3 Nxf3+ 16. gxf3 Qd7 17. Qc2 Qe6+ 18. Kd2 Qh3 19. Kc1 d5 20. Kb2 dxc4 21. Rde1
Rfe8 22. Rhg1 Qh6 23. Qf5 Rd5 24. Qxf6 Qxf6 25. Bxf6 Ba3+ 26. Kxa3 Rxe1 27. Rxg7+
Kf8 28. Bxh7 Ke8 29. Rg8+ Kd7 30. Rd8+ Ke6 31. Re8+ Kxf6 32. Rxe1 cxb3 33. axb3 Rh5
34. Be4 b6 35. Rc1 Rxh2 36. Rc7 Rxf2 37. Rxa7 Rd2 38. Rb7 Rd6 39. Kb4 Ke5 40. Rxf7
Ke6 41. Rb7 Ke5 42. Kb5 Rd2 43. Rxb6 Rb2 44. b4 Kd4 45. Rc6 Ke5 46. Rc4 Ra2 47. Kb6
Kd6 48. b5 Kd7 49. Kb7 Rb2 50. b6 Rb3 51. Ka7 Ra3+ 52. Kb8 Rb3 53. b7 Ra3 54. Rd4+
Ke6 55. Kc7 Rc3+ 56. Bc6 Ke5 57. Rd5+  1-0

[Event "5. Kaltern-Trophy 2022 Open B"]
[Site "Kaltern"]
[Date "2022.10.21"]
[Round "1"]
[Board "14"]
[White "Casisa, Davide"]
[Black "Florian, Andreas"]
[Result "1-0"]
[WhiteElo "1443"]
[BlackElo "1678"]
[PlyCount "121"]
[EventDate "2022.10.21"]
[EventRounds "5"]
[EventCountry "ITA"]

1. e4 e6 2. Nf3 d5 3. exd5 exd5 4. d4 Bd6 5. c4 c6 6. Nc3 Ne7 7. cxd5 cxd5 8. Ne5
O-O 9. Nf3 Bg4 10. Be2 Nbc6 11. Be3 Re8 12. O-O Rc8 13. h3 Bh5 14. Qd3 Bb8 15. Nh4
Qd6 16. f4 Bg6 17. Nxg6 Nxg6 18. Qf5 Rcd8 19. Qd3 a6 20. Bh5 Re7 21. Bxg6 Qxg6 22.
Qxg6 hxg6 23. Rf3 Nb4 24. Kf2 Nd3+ 25. Kg1 b5 26. f5 gxf5 27. Bg5 f6 28. Bxf6 gxf6
29. Rxd3 Kf7 30. a3 Ba7 31. Rf1 Kg6 32. g3 Bb6 33. Kg2 Ba5 34. b4 Bb6 35. Rf2 Rc7
36. Ne2 Rc4 37. Nf4+ Kf7 38. Rfd2 a5 39. bxa5 Bxa5 40. Rb2 b4 41. axb4 Bxb4 42. Rdb3
Bc3 43. Rb7+ Ke8 44. Re2+ Kf8 45. Ne6+ Ke8 46. Nxd8+ Kxd8 47. Ra2 Rc8 48. Rh7 Bxd4
49. Rh8+ Kd7 50. Rxc8 Kxc8 51. Rd2 Be5 52. Rxd5 Kc7 53. Kf3 Kc6 54. Rd1 Kc5 55. g4
fxg4+ 56. hxg4 Kc4 57. Ke4 Bc3 58. Kf5 Be5 59. g5 fxg5 60. Kxe5 Kc5 61. Rg1  1-0